00540 2200193 4500001002100000005001500021035002000036007000300056008004100059020002200100082000800122084001400130100001600144245006600160250003100226260003600257300003500293650001800328INLIS00000000000118420250516100532 a0010-0525000033ta250516 d 0 ind  a978-623-258-654-3 a813 a813 KHA m0 aKhairani S.1 aMimpi Mita :bAntologi Cerita Pendek /cKhairani S. (Penulis) aCetakan Pertama, Juni 2021 aSurabaya :bKanaka Media,c2021 a113 Halaman :bteks ;c20,5 cm 4aCerita Pendek